00507nam a22001577a 450000500170000001000150001702000110003203500140004303700130005708200110007024500790008126000350016027000950019530000210029070000380031120230317171506.0 aENG-135691 c900.00 aEN-119223 bDBAD/PUB a355.62 aTerror in west asia :bThreat to global peace /cEdited by Sekhar Basu Roy aKolkatabSekhar Basu Royc2015 aHastings garden, 5 Hastings park roadbKolkatae700027k24794466mshekharbasuroy@gmail.com a178p.c23cm(pbk) aRoy, Sekhar BasueEditor-in-chief